000 00628nam a2200229Ia 4500
005 20250425160659.0
008 250425s9999 xx 000 0 und d
020 _a8448101715
041 _aspa
043 _asp
082 _a001.434
100 _aLEON, ORFELIO G.
245 0 _aDISEÑO DE INVESTIGACIONES : INTRODUCCION A LA LOGICA DE LAS INVESTIGACIONES EN PSICOLOGIA Y EDUCACION
250 _a1A ED.
260 _aEspaña
_bMCGRAW-HILL INTERAMERICANA
_c1993
260 _aMADRID
300 _a311
650 _aMETODOLOGIA DE LA INVESTIGACION
650 _aMETODOS DE DISEÑO
942 _c01
010 _a2158
999 _c193989
_d193989